| 000 | 00481nam a2200181Ia 4500 | ||
|---|---|---|---|
| 001 | 15762 | ||
| 005 | 20260306170220.0 | ||
| 008 | 260306t2005||||xx |||||||||||||| ||und|| | ||
| 041 | _aESP | ||
| 082 |
_a620.001 _bR35 |
||
| 100 |
_aReggini, Horacio C. _eAUT |
||
| 245 | 0 |
_aEl futuro no es más lo que era: _bla tecnología y la gente en tiempos de internet |
|
| 260 | _c2005 | ||
| 300 |
_a464 páginas : _c23 cm. |
||
| 650 | _aGEN | ||
| 654 | _aCII | ||
| 942 |
_cLIB _dJUS _fJUS _2ddc _n |
||
| 999 |
_c15762 _d15762 |
||